000 00593nam a22002417a 4500
003 UA-OsUOA
001 31670
007 ta
008 20050111b un ||||| |||| 00| 0 ukr d
090 _a94(4)192/199
_bС28
942 _cBK
040 _aUA-OsUOA
_brus
_cUA-OsUOA
_dUA-OsUOA
245 _aСеверная Европа. Проблемы новейшей истории
300 _a232 с.
955 _a0
041 _arus
080 _a94(4)192/199
020 _a5-02-08916-8
260 _aМосква
_bНаука
_c1988
044 _aRU
650 7 _2UDC
999 _c318100
_d318100